000 00491nam a2200169Ia 4500
005 20250326125559.0
008 250326s9999 xx 000 0 und d
037 _aTextbook
040 _aFMSL
_beng
_cFMSL
041 _aeng
_2eng
084 _aX:517QN69 L9
_qFMSL
245 0 _aMonopolies and restrictive trade practices, act, 1969
260 _aAllahabad
_bAllahabad, Gazette Of India
_c1984
300 _a86p
942 _cTB
_hX:517QN69 L9
999 _c1278669
_d1278669